000 00596nam a2200181 a 4500
001 FIB033297
005 20141210152038.0
008
020 _a9789719533870
050 _aTX 911.3.M27
_b.R618 2012
100 _aRodolfa, Bernardo B.
245 0 _aHotel rooms division management and control system /
_cBernardo B. Rodolfa.
260 _aManila :
_bPurely Books Trading & Publishing Corp.,
_c2012.
300 _axii, 98 p. :
_bill. ;
_c23 cm.
504 _aIncludes bibliographical references.
650 _aHotel management.
942 _2lcc
_cBK
_kFIL
999 _c276908
_d276908